Pastoral psychology; (Record no. 621)
[ view plain ]
| 000 -LEADER | |
|---|---|
| fixed length control field | 00657cam a2200241I 4500 |
| 001 - CONTROL NUMBER | |
| control field | 37312 |
| 003 - CONTROL NUMBER IDENTIFIER | |
| control field | GBCCL |
| 005 - DATE AND TIME OF LATEST TRANSACTION | |
| control field | 20241126110342.0 |
| 008 - FIXED-LENGTH DATA ELEMENTS--GENERAL INFORMATION | |
| fixed length control field | 750805s1950 xx 000 0 eng u |
| 010 ## - | |
| -- | 50004210 |
| 035 ## - SYSTEM CONTROL NUMBER | |
| System control number | (OCoLC)01510446 |
| 040 ## - CATALOGING SOURCE | |
| Transcribing agency | UTS |
| 049 ## - | |
| -- | LBBK |
| 050 00 - | |
| -- | BV4012 |
| -- | .G58 |
| 082 0# - DEWEY DECIMAL CLASSIFICATION NUMBER | |
| Classification number | 253.52 |
| Item number | GOU |
| 100 1# - MAIN ENTRY--PERSONAL NAME | |
| Personal name | Goulooze, William, |
| Dates associated with a name | 1903-1955. |
| 245 10 - TITLE STATEMENT | |
| Title | Pastoral psychology; |
| Remainder of title | applied psychology in pastoral theology in America. |
| 260 ## - PUBLICATION, DISTRIBUTION, ETC. | |
| Place of publication, distribution, etc. | Grand Rapids, |
| Name of publisher, distributor, etc. | Baker Book House, |
| Date of publication, distribution, etc. | 1950. |
| 300 ## - PHYSICAL DESCRIPTION | |
| Extent | 266 p., |
| Dimensions | 24 cm. |
| 504 ## - BIBLIOGRAPHY, ETC. NOTE | |
| Bibliography, etc. note | Bibliography: [211]-236. |
| 650 #0 - SUBJECT ADDED ENTRY--TOPICAL TERM | |
| Topical term or geographic name entry element | Pastoral psychology. |
| 942 ## - ADDED ENTRY ELEMENTS (KOHA) | |
| Source of classification or shelving scheme | Dewey Decimal Classification |
| Koha item type | Books |
| Koha issues (borrowed), all copies | 4 |
| Withdrawn status | Lost status | Source of classification or shelving scheme | Damaged status | Not for loan | Home library | Current Library | Shelving location | Date acquired | Total checkouts | Total renewals | Full call number | Barcode | Date last seen | Date last checked out | Copy number | Price effective from | Koha item type |
|---|---|---|---|---|---|---|---|---|---|---|---|---|---|---|---|---|---|
| Dewey Decimal Classification | GRACE BIBLE COLLEGE | GRACE BIBLE COLLEGE | Ministry & Mission | 2016-11-24 | 6 | 2 | 253.52 GOU | 000435 | 2025-08-28 | 2025-08-21 | c.1 | 2016-11-24 | Books |